| 000 | 01032nam a22002897a 4500 | ||
|---|---|---|---|
| 005 | 20170222113927.0 | ||
| 008 | 160811b xxu||||| |||| 00| 0 eng d | ||
| 010 | _a1617EN ENG-116979 | ||
| 020 |
_a9789350353974 _c595.00 |
||
| 035 | _aB-652760-772 | ||
| 035 | _aEN-100511 | ||
| 037 |
_bKKP _adpl |
||
| 037 | _bDBAD / PUB | ||
| 082 | _a345.54 | ||
| 100 | _aGaur, K.D. | ||
| 245 |
_aTextbook on The Indian Penal Code / _cby K.D. Gaur; forewarded by V.N. Khare |
||
| 250 | _a5th ed | ||
| 260 |
_aGurgaon _bUniversal Law Publishing _c2016 |
||
| 270 |
_a14th Floor, Building No.10, Tower-B, DLF Cyber City Phase-II _bGurgaon _e122002 |
||
| 300 |
_acxxii, 973p. _c23cm(pbk) |
||
| 504 | _aIncludes index. | ||
| 610 | _aIndia. Indian Penal Code | ||
| 650 |
_aCriminal laws _xIndia |
||
| 700 | _aKhare, V.N. | ||
| 942 |
_2ddc _cEN _mGAU _h345.54 |
||
| 999 |
_c102192 _d102192 |
||